000 00720nam a2200289Ia 4500
005 20260324133238.0
008 008 260324s9999 xx 000 0 eng d
020 _a9781315809045
037 _aEBOOK
040 _aCRL
040 _beng
040 _cCRL
041 _2eng
041 _aeng
084 _qCRL
100 _aDavid K Carson; Kent Becker
_91192352
245 0 _aCreativity in Psychotherapy
245 0 _bReaching New Heights with Individuals, Couples, and Families
260 _bTaylor and Francis
260 _c2003
365 _a
365 _b160
856 _uhttp://www.taylorfrancis.com/books/9781315809045
942 _cEBOOK
999 _c1791226
_d1791226